Flammable Molecules Quiz - Statistics

General Stats
  • This quiz has been taken 11 times
  • The average score is 12 of 24
Answers on the Grid
Answers color-coded by a green-red scale on the quiz's grid according to % correct below.
CH4
He
C3H8
C4H10
CO2
C2H6
C2H4
C2H2
H2O
SiH4
NO
C6H14
C6H6
C7H8
NaCl
C5H12
CO
S
FeCu
C
ClF3
Mg
P
N2
K
Na
Li
ZO2
(CH₃)₂CO
C₂H₅OH
CH
CH₃OH
U
BCO3C
C₆H₁₄
 
Answer Stats
Answer % Correct
CH4
86%
C2H4
71%
C3H8
71%
C5H12
71%
(CH₃)₂CO
71%
C
57%
C2H2
57%
C2H6
57%
C4H10
57%
C6H14
57%
C6H6
57%
C7H8
57%
C₆H₁₄
57%
K
57%
P
57%
S
57%
C₂H₅OH
43%
CH₃OH
43%
Li
43%
ClF3
29%
Mg
29%
Na
29%
CO
14%
SiH4
14%
No matching quizzes found
Score Distribution
Percent of People with Each Score
Percentile by Number Answered
Your Score History
You have not taken this quiz